000
00200 a2200097 4500
001
30502
100
_a
Clementson
245
_a
English
260
_a
Oxford
_b
Longman and Co
_c
090
_c
20435
_d
20435
942
_a
NUST-CAE
_c
M
_c
11598
999
_c
265575
_d
265575